Les condicions de vida dels joves metropolitans (1997) / [coordinació: Lucía Baranda Areta] Lucía Baranda Areta]
Publicado:
[Barcelona] :
Institut d'Estudis Metropolitans de Barcelona : Diputació de Barcelona. Oficina del Pla Jove, [1997]
Descripción Física:
150 p. : gràfics, taules ; 30 cm
Otros Autores:
Baranda Areta, Lucía
MARC
| LEADER | 00000nam a2200000Ia 4500 | ||
|---|---|---|---|
| 001 | 16367 | ||
| 008 | 160829s9999 xx 000 0 cat d | ||
| 080 | |a M-5-13 | ||
| 245 | |a Les condicions de vida dels joves metropolitans (1997) / [coordinació: |b Lucía Baranda Areta] | ||
| 260 | |a [Barcelona] : |b Institut d'Estudis Metropolitans de Barcelona : |b Diputació de Barcelona. Oficina del Pla Jove, [1997] | ||
| 300 | |a 150 p. : |b gràfics, taules ; |c 30 cm | ||
| 500 | 9 | 0 | |a Hi ha dos duplicats: 876 i 865 caixa 21 (PDL) |
| 650 | |a Joves |x Barcelona |x Condicions socials |9 37314 | ||
| 650 | |a Enquestes socials |x Barcelona |9 37315 | ||
| 700 | |a Baranda Areta, Lucía |9 44108 | ||
| 710 | 1 | |a Barcelona (Catalunya : Província). |b Oficina del Pla Jove |9 52707 | |
| 710 | 1 | |a Institut d'Estudis Metropolitans de Barcelona |9 52750 | |
| 901 | |a Arxiu | ||
| 942 | |n 1 |2 udc | ||
| 952 | |0 0 |1 0 |4 0 |6 M513 |7 1 |9 47796 |a Arxiu |b Arxiu |d 2016-12-01 |l 0 |o M-5-13 |p 16367 |r 2016-12-01 00:00:00 |w 2016-12-01 |y ARXIU | ||
| 999 | |c 51595 |d 51595 | ||